| 000 | 00808nam a22002537a 4500 | ||
|---|---|---|---|
| 003 | OSt | ||
| 005 | 20260601193902.0 | ||
| 008 | 260508b2019 mx aoc|| |||| 00| 0 spa d | ||
| 020 | _a9786079422011 | ||
| 040 |
_aICI _bspa _cICI _erda |
||
| 041 | _aspa | ||
| 050 |
_aPQ7298.326.A45 _bZ37 2017 |
||
| 100 | 1 | _aPalou, Pedro Ángel | |
| 245 | 1 |
_aZapata: _bDocumentos - Arte - Gráfica |
|
| 260 |
_aMéxico : _bPlaneta Mexicana, _c2017. |
||
| 300 |
_a350 páginas _c23 cm. |
||
| 600 |
_aZapata, Emiliano, _d1879-1919 _xNovela. _934051 |
||
| 650 |
_aNovela histórica mexicana. _934052 |
||
| 650 |
_aRevolución Mexicana, 1910-1920 _xNovela. _934053 |
||
| 650 |
_aCaudillos revolucionarios _xMéxico _934054 |
||
| 650 |
_xNovela. _916668 |
||
| 650 |
_aLiteratura mexicana contemporánea. _934055 |
||
| 942 |
_2lcc _cB _n1 |
||
| 999 |
_c22279 _d22279 |
||